Parc Natural de Sant Llorenç del Munt i l'Obac : excursions senyalitzades excursions senyalitzades
Descripción Física:
11 fulletons : il·lustracions, mapes ; 21 cm
Materias:
Parc Natural de Sant Llorenç del Munt i l'Obac (Catalunya) -- Circuits turístics
; Parc Natural de Sant Llorenç del Munt i l'Obac (Catalunya) -- Guies
Idioma:
Catalán
MARC
| LEADER | 00000nam a2200000Ia 4500 | ||
|---|---|---|---|
| 001 | 14982, 14983, 14984, 14985, 14986, 14987, 14988, 14989, 14990, 14991, 14992 | ||
| 003 | Arxiu | ||
| 005 | 20260324181048.0 | ||
| 008 | 160829m20012002spc xx s cat c | ||
| 040 | |a AGDB | ||
| 080 | |a FU-31-74, FU-31-75, FU-31-76, FU-31-77, FU-31-78, FU-31-79, FU-31-80, FU-31-81, FU-31-82, FU-31-83, FU-31-84 | ||
| 245 | |a Parc Natural de Sant Llorenç del Munt i l'Obac : |b excursions senyalitzades | ||
| 260 | |a [Barcelona] : |b Diputació de Barcelona, Xarxa de Municipis, Àrea d'Espais Naturals, |c 2001-2002 | ||
| 300 | |a 11 fulletons : |b il·lustracions, mapes ; |c 21 cm | ||
| 610 | 1 | 0 | |a Parc Natural de Sant Llorenç del Munt i l'Obac (Catalunya) |x Circuits turístics |9 52717 |
| 610 | 1 | 0 | |a Parc Natural de Sant Llorenç del Munt i l'Obac (Catalunya) |9 52718 |v Guies |
| 710 | |a Barcelona (Catalunya : Província). |b Àrea d'Espais Naturals |9 9050 |e entitat editora | ||
| 866 | |a La Riera de Talamanca | ||
| 866 | |a La Torrota de Vacarisses | ||
| 866 | |a Balmes, masis i molins | ||
| 866 | |a Les Coves de Mura : entre valls i cingleres | ||
| 866 | |a La Pedra seca | ||
| 866 | |a El Camí Ral | ||
| 866 | |a La Font de la Portella | ||
| 866 | |a A la cova del Drac per la Mola | ||
| 866 | |a A la Mola des del coll d'Estenalles | ||
| 866 | |a La Riera de les Nespres | ||
| 866 | |a Més de mil fonts | ||
| 901 | |a Arxiu | ||
| 942 | |n 1 |2 udc |c ARXIU | ||
| 952 | |0 0 |1 0 |4 0 |6 FU3174 |7 1 |9 48692 |a Arxiu |b Arxiu |d 2016-12-01 |h La Riera de Talamanca |o FU-31-74 |p 14982 |r 2016-12-01 00:00:00 |w 2016-12-01 |y ARXIU | ||
| 952 | |0 0 |1 0 |4 0 |6 FU3175 |7 1 |9 65861 |a Arxiu |b Arxiu |d 2023-03-29 |h La Torrota de Vacarisses |l 0 |o FU-31-75 |p 14983 |r 2023-03-29 00:00:00 |w 2023-03-29 |y ARXIU | ||
| 952 | |0 0 |1 0 |4 0 |6 FU3176 |7 1 |9 65862 |a Arxiu |b Arxiu |d 2023-03-29 |h Balmes, masies i molins |l 0 |o FU-31-76 |p 14984 |r 2023-03-29 00:00:00 |w 2023-03-29 |y ARXIU | ||
| 952 | |0 0 |1 0 |4 0 |6 FU3177 |7 1 |9 65863 |a Arxiu |b Arxiu |d 2023-03-29 |h Les Coves de Mura: entre valls i cingleres |l 0 |o FU-31-77 |p 14985 |r 2023-03-29 00:00:00 |w 2023-03-29 |y ARXIU | ||
| 952 | |0 0 |1 0 |4 0 |6 FU3178 |7 1 |9 65864 |a Arxiu |b Arxiu |d 2023-03-29 |h La Pedra seca |l 0 |o FU-31-78 |p 14986 |r 2023-03-29 00:00:00 |w 2023-03-29 |y ARXIU | ||
| 952 | |0 0 |1 0 |4 0 |6 FU3179 |7 1 |9 65865 |a Arxiu |b Arxiu |d 2023-03-29 |h El Camí Ral |l 0 |o FU-31-79 |p 14987 |r 2023-03-29 00:00:00 |w 2023-03-29 |y ARXIU | ||
| 952 | |0 0 |1 0 |4 0 |6 FU3180 |7 1 |9 65866 |a Arxiu |b Arxiu |d 2023-03-29 |h La Font de la Portella |l 0 |o FU-31-80 |p 14988 |r 2023-03-29 00:00:00 |w 2023-03-29 |y ARXIU | ||
| 952 | |0 0 |1 0 |4 0 |6 FU3181 |7 1 |9 65867 |a Arxiu |b Arxiu |d 2023-03-29 |h A la cova del Drac per la Mola |l 0 |o FU-31-81 |p 14989 |r 2023-03-29 00:00:00 |w 2023-03-29 |y ARXIU | ||
| 952 | |0 0 |1 0 |4 0 |6 FU3182 |7 1 |9 65868 |a Arxiu |b Arxiu |d 2023-03-29 |h A la Mola des del coll d'Estenalles |l 0 |o FU-31-82 |p 14990 |r 2023-03-29 00:00:00 |w 2023-03-29 |y ARXIU | ||
| 952 | |0 0 |1 0 |4 0 |6 FU3183 |7 1 |9 65869 |a Arxiu |b Arxiu |d 2023-03-29 |h La Riera de les Nespres |l 0 |o FU-31-83 |p 14991 |r 2023-03-29 00:00:00 |w 2023-03-29 |y ARXIU | ||
| 952 | |0 0 |1 0 |4 0 |6 FU3184 |7 1 |9 65870 |a Arxiu |b Arxiu |d 2023-03-29 |h Més de mil fonts |l 0 |o FU-31-84 |p 14992 |r 2023-03-29 00:00:00 |w 2023-03-29 |y ARXIU | ||
| 999 | |c 52522 |d 52522 | ||